000 00654na a2200217 4500
001 24034
003 MIRAKIL
005 20181213155327.0
008 180227b tu 000 0
040 _aMilas
_btur
_cTR-AnCHP
041 _atur
082 _a070.561
_bN34 2016
090 _a070.561 N34 2016
245 _aNeler söyledik
_bBasın açıklamalarımız
_chazırlayan Ediz Altındiş
250 _a3. bs.
260 _aİstanbul
_bUHİM
_c2016
_fTaya iletişim
300 _a280 s.
_c23 sm.
610 _aUluslararası Hak İhlalleri İzleme Merkezi (UHİM)
_xBasın açıklamaları
700 _aAltındiş, Ediz
_ehaz.
942 _2ddc
_cBKS
999 _c10599
_d10599